Alle Stages aus der Super Smash Bros.-Reihe - Statistiken

Allgemein
  • Dieses Quiz wurde 5 mal gespielt
  • Das Durchschnittsergebnis liegt bei 49 aus 132
Antwortstatistiken
Antwort % Korrekt
Pokémon Stadium
100%
Yoshi's Island
100%
Big Blue
75%
Brinstar
75%
Letzte Station
75%
Miiverse
75%
Peachs Schloss
75%
PictoChat
75%
Pilz-Königreich
75%
Pilz-Urkönigreich
75%
Pokémon Stadium 2
75%
Schlachtfeld
75%
Schloss Hyrule
75%
Tiefen von Brinstar
75%
Balloon Fight
50%
Boxring
50%
Corneria
50%
Das Höhlen-Abenteuer
50%
Dream Land
50%
Dschungelfieber
50%
Duck Hunt
50%
Fregatte Orpheon
50%
Frühlingswiese
50%
Green Hill Zone
50%
Großes Schlachtfeld
50%
Halberd
50%
Hyrule-Tempel
50%
Kolosseum
50%
Midgar
50%
Mute City
50%
Mute City (SNES)
50%
New Pork City
50%
Pac-Land
50%
Piazza Delfino
50%
Pilotwings
50%
Piratenschiff
50%
Poké-Flug
50%
Regenbogen-Boulevard
50%
Schädelbucht
50%
Shadow Moses Island
50%
Spiral Mountain
50%
Super Mario Maker
50%
Tomodachi Life
50%
WarioWare, Inc.
50%
Wii Fit Studio
50%
Wohnzimmer
50%
Wolkenhort
50%
Wrecking Crew
50%
2D-Welt
25%
2D-Welt 2
25%
2D-Welt X
25%
3D Land
25%
Achterpiste
25%
Brücke von Eldin
25%
Die belagerte Burg
25%
Donkey Kong Classic
25%
Dream Land (GB)
25%
Einall-Pokémon-Liga
25%
Ferner Planet
25%
Feroxer-Arena
25%
Fourside
25%
Gamer
25%
Garten der Begegnung
25%
Gaur-Ebene
25%
Gerudotal
25%
Gipfel
25%
Hanenbow
25%
Happy-Baum
25%
Hollow Bastion
25%
Icicle Mountain
25%
Kalos-Pokémon-Liga
25%
King of Fighters Stadium
25%
Kleines Schlachtfeld
25%
Kongo-Wasserfall
25%
Luigi's Mansion
25%
Lylat-Patrouille
25%
Magicant
25%
Mario Bros.
25%
Mario-Galaxie
25%
Marios Piste
25%
Mementos
25%
Minecraft-Welt
25%
Mishima Dojo
25%
Münz-Parcours
25%
Muränentürme
25%
New Donk City-Rathaus
25%
Nordhöhle
25%
Norfair
25%
Nullbombenwald
25%
Onett
25%
Orbitales Tor
25%
Pac-Maze
25%
Palutenas Tempel
25%
Paper Mario
25%
PictoChat 2
25%
Pilz-Königreich 2
25%
Pilz-Königreich U
25%
Port Town
25%
Prinzessin Peachs Schloss
25%
Prismaturm
25%
Pyrosphäre
25%
Regenbogen Raserei
25%
Reich der Lüfte
25%
Rette die Krone!
25%
Saffronia City
25%
Schloss Dracula
25%
Smash-Stadt
25%
Speersäule
25%
Spring-Stadion
25%
Stadt und Großstadt
25%
Tiefster Kongo
25%
Törtel-Insel
25%
Traumbrunnen
25%
Tropen-Trubel
25%
Turm des Plateaus
25%
Umbra-Uhrturm
25%
Venom
25%
Wilys Schloss
25%
Windy Hill Zone
25%
Wollwelt
25%
Wuhu-Island
25%
Yggdrasils Altar
25%
Yoshi's Story
25%
Zug der Götter
25%
Kloster Garreg Mach
0%
Maxikaskade
0%
Planet Zebes
0%
Sektor Z
0%
Suzaku Castle
0%
Wolkenmeer von Alrest
0%
Keine übereinstimmenden Quizze gefunden
Verteilung der Resultate
Anzahl Personen mit jedem Resultat
Perzentil nach korrekt beantworteten Fragen
Ihre Resultats-Entwicklung
Sie haben dieses Quiz noch nicht gespielt